|
|
|
|
| LEADER |
00000cam a22000004a 4500 |
| 001 |
musev2_72371 |
| 003 |
MdBmJHUP |
| 005 |
20230905051442.0 |
| 006 |
m o d |
| 007 |
cr||||||||nn|n |
| 008 |
200104t20202020nbu o 00 0 eng d |
| 020 |
|
|
|a 9781496219350
|
| 020 |
|
|
|z 9781496212801
|
| 035 |
|
|
|a (OCoLC)1134855029
|
| 040 |
|
|
|a MdBmJHUP
|c MdBmJHUP
|
| 100 |
1 |
|
|a Headman, Louis,
|e author.
|
| 245 |
1 |
0 |
|a Walks on the Ground :
|b A Tribal History of the Ponca Nation /
|c Louis V. Headman ; foreword by Sean O'Neill.
|
| 264 |
|
1 |
|a Lincoln :
|b University of Nebraska Press,
|c [2020]
|
| 264 |
|
3 |
|a Baltimore, Md. :
|b Project MUSE,
|c 2020
|
| 264 |
|
4 |
|c ©[2020]
|
| 300 |
|
|
|a 1 online resource (540 pages).
|
| 336 |
|
|
|a text
|b txt
|2 rdacontent
|
| 337 |
|
|
|a computer
|b c
|2 rdamedia
|
| 338 |
|
|
|a online resource
|b cr
|2 rdacarrier
|
| 505 |
0 |
|
|a Introduction -- Beginnings -- Niobrara -- Trade Agreements, Indian Treaties, and Indian Removal -- Chief Standing Bear -- Indian Territory -- The Selection of Ponca Chiefs -- The Ponca Reservation in Oklahoma -- Ethnography -- The Ponca Give Away -- The Old Ponca Heđúška -- New Hedúškà Dance Paraphernalia -- The Ponca Singers -- Ponca Heđúška Songs -- Family Structure and Kinship System -- Marriage and Property -- Clans of the Ponca -- Ponca Names -- Toys, Games, and Sports -- Arts and Crafts -- The Ponca Native American Church -- The Christian Church in the Ponca Community -- The Spirit World -- The Funeral Rites -- Ancient Ponca Burials and Practices -- Ponca Medicine -- Journey to the School House -- Into The School House -- Warriors of the Ponca -- Political Governance -- Afterword.
|
| 520 |
|
|
|a "Walks on the Ground is a record of Ponca elder Louis V. Headman's personal study of the Southern Ponca people, spanning seven decades"--
|c Provided by publisher
|
| 588 |
|
|
|a Description based on print version record.
|
| 650 |
|
7 |
|a Ponca Indians.
|2 fast
|0 (OCoLC)fst01070913
|
| 650 |
|
7 |
|a SOCIAL SCIENCE
|x Ethnic Studies
|x Native American Studies.
|2 bisacsh
|
| 650 |
|
7 |
|a HISTORY
|x Native American.
|2 bisacsh
|
| 650 |
|
6 |
|a Ponca (Indiens)
|x Histoire.
|
| 650 |
|
0 |
|a Ponca Indians
|x History.
|
| 655 |
|
7 |
|a History.
|2 fast
|0 (OCoLC)fst01411628
|
| 655 |
|
7 |
|a Electronic books.
|2 local
|
| 700 |
1 |
|
|a O'Neill, Sean,
|d 1969-
|e writer of foreword.
|
| 710 |
2 |
|
|a Project Muse.
|e distributor
|
| 830 |
|
0 |
|a Book collections on Project MUSE.
|
| 856 |
4 |
0 |
|z Texto completo
|u https://projectmuse.uam.elogim.com/book/72371/
|
| 945 |
|
|
|a Project MUSE - Custom Collection
|
| 945 |
|
|
|a Project MUSE - 2020 Complete
|
| 945 |
|
|
|a Project MUSE - 2020 US Regional Studies, South
|
| 945 |
|
|
|a Project MUSE - 2020 Native American and Indigenous Studies
|